Nová koncepcia riadenia v územnej samospráve

Procesné riadenie v územnej samospráve. Model riadenia verejnej správy - New public management (NPM). Balanced scorecard. Vytváranie integrovaného prostredia. Informatizácia samosprávy. Dátová integrácia. Súčasné prístupy k integrácii.

Salvato in:
Dettagli Bibliografici
Autore principale: Grell, Michal
Altri autori: Bandurič, Igor, 1980-
Natura: Capitolo di libro
Lingua:slovacco
Soggetti:
Tags: Aggiungi Tag
Nessun Tag, puoi essere il primo ad aggiungerne!!

MARC

LEADER 00000nla$a2200000$$$4500
001 0126903
005 20240502072439.6
041 0 |a slo 
044 |a SK 
245 1 0 |a Nová koncepcia riadenia v územnej samospráve  |c Michal Grell, Igor Bandurič 
520 |a Procesné riadenie v územnej samospráve. Model riadenia verejnej správy - New public management (NPM). Balanced scorecard. Vytváranie integrovaného prostredia. Informatizácia samosprávy. Dátová integrácia. Súčasné prístupy k integrácii. 
610 2 0 |a samospráva 
610 2 0 |a sektor verejný 
610 2 0 |a riadenie procesné 
610 2 0 |a riadenie strategické 
610 2 0 |a informatizácia 
610 2 0 |a integrácia 
100 1 |a Grell, Michal 
700 1 |a Bandurič, Igor, 1980-